<?xml version="1.0" encoding="UTF-8"?><?xml-stylesheet type="text/xsl" href="static/style.xsl"?><OAI-PMH xmlns="http://www.openarchives.org/OAI/2.0/" xmlns:xsi="http://www.w3.org/2001/XMLSchema-instance" xsi:schemaLocation="http://www.openarchives.org/OAI/2.0/ http://www.openarchives.org/OAI/2.0/OAI-PMH.xsd"><responseDate>2026-04-17T05:36:20Z</responseDate><request verb="GetRecord" identifier="oai:www.recercat.cat:11351/10198" metadataPrefix="marc">https://recercat.cat/oai/request</request><GetRecord><record><header><identifier>oai:recercat.cat:11351/10198</identifier><datestamp>2024-12-13T09:30:05Z</datestamp><setSpec>com_2072_378071</setSpec><setSpec>com_2072_378040</setSpec><setSpec>col_2072_378097</setSpec></header><metadata><record xmlns="http://www.loc.gov/MARC21/slim" xmlns:dcterms="http://purl.org/dc/terms/" xmlns:xsi="http://www.w3.org/2001/XMLSchema-instance" xmlns:doc="http://www.lyncode.com/xoai" xsi:schemaLocation="http://www.loc.gov/MARC21/slim http://www.loc.gov/standards/marcxml/schema/MARC21slim.xsd">
   <leader>00925njm 22002777a 4500</leader>
   <datafield ind2=" " ind1=" " tag="042">
      <subfield code="a">dc</subfield>
   </datafield>
   <datafield ind2=" " ind1=" " tag="720">
      <subfield code="a">Sanchez Roldan, Maria de los Angeles</subfield>
      <subfield code="e">author</subfield>
   </datafield>
   <datafield ind2=" " ind1=" " tag="720">
      <subfield code="a">Santa-Cruz, Daniela</subfield>
      <subfield code="e">author</subfield>
   </datafield>
   <datafield ind2=" " ind1=" " tag="720">
      <subfield code="a">Lainez, Elena</subfield>
      <subfield code="e">author</subfield>
   </datafield>
   <datafield ind2=" " ind1=" " tag="720">
      <subfield code="a">Baiget, Daniel</subfield>
      <subfield code="e">author</subfield>
   </datafield>
   <datafield ind2=" " ind1=" " tag="720">
      <subfield code="a">Chocrón, Ivette</subfield>
      <subfield code="e">author</subfield>
   </datafield>
   <datafield ind2=" " ind1=" " tag="720">
      <subfield code="a">Gándara Sabatini, Darío</subfield>
      <subfield code="e">author</subfield>
   </datafield>
   <datafield ind2=" " ind1=" " tag="720">
      <subfield code="a">Bescós, Agustín</subfield>
      <subfield code="e">author</subfield>
   </datafield>
   <datafield ind2=" " ind1=" " tag="720">
      <subfield code="a">Moncho, Dulce</subfield>
      <subfield code="e">author</subfield>
   </datafield>
   <datafield ind2=" " ind1=" " tag="720">
      <subfield code="a">Sahuquillo, Juan</subfield>
      <subfield code="e">author</subfield>
   </datafield>
   <datafield ind2=" " ind1=" " tag="720">
      <subfield code="a">Poca, Maria A.</subfield>
      <subfield code="e">author</subfield>
   </datafield>
   <datafield ind2=" " ind1=" " tag="720">
      <subfield code="a">Rahnama Zand, Kimia</subfield>
      <subfield code="e">author</subfield>
   </datafield>
   <datafield ind2=" " ind1=" " tag="260">
      <subfield code="c">2023-08-31T11:49:26Z</subfield>
   </datafield>
   <datafield ind2=" " ind1=" " tag="260">
      <subfield code="c">2023-08-31T11:49:26Z</subfield>
   </datafield>
   <datafield ind2=" " ind1=" " tag="260">
      <subfield code="c">2023-08-10</subfield>
   </datafield>
   <datafield ind2=" " ind1=" " tag="520">
      <subfield code="a">Intraoperative neurophysiological monitoring; Spinal cord; Syringomyelia</subfield>
   </datafield>
   <datafield ind2=" " ind1=" " tag="520">
      <subfield code="a">Monitorización neurofisiológica intraoperatoria; Médula espinal; Siringomielia</subfield>
   </datafield>
   <datafield ind2=" " ind1=" " tag="520">
      <subfield code="a">Monitorització neurofisiològica intraoperatoria; Medul·la espinal; Siringomielia</subfield>
   </datafield>
   <datafield ind2=" " ind1=" " tag="520">
      <subfield code="a">Syringomyelia can be associated with multiple etiologies. The treatment of the underlying causes is first-line therapy; however, a direct approach to the syrinx is accepted as rescue treatment. Any direct intervention on the syrinx requires a myelotomy, posing a significant risk of iatrogenic spinal cord (SC) injury. Intraoperative neurophysiological monitoring (IONM) is crucial to detect and prevent surgically induced damage in neural SC pathways. We retrospectively reviewed the perioperative and intraoperative neurophysiological data and perioperative neurological examinations in ten cases of syringomyelia surgery. All the monitored modalities remained stable throughout the surgery in six cases, correlating with no new postoperative neurological deficits. In two patients, significant transitory attenuation, or loss of motor evoked potentials (MEPs), were observed and recovered after a corrective surgical maneuver, with no new postoperative deficits. In two cases, a significant MEP decrement was noted, which lasted until the end of the surgery and was associated with postoperative weakness. A transitory train of neurotonic electromyography (EMG) discharges was reported in one case. The surgical plan was adjusted, and the patient showed no postoperative deficits. The dorsal nerve roots were stimulated and identified in the seven cases where the myelotomy was performed via the dorsal root entry zone. Dorsal column mapping guided the myelotomy entry zone in four of the cases. In conclusion, multimodal IONM is feasible and reliable and may help prevent iatrogenic SC injury during syringomyelia surgery.</subfield>
   </datafield>
   <datafield ind2=" " ind1=" " tag="520">
      <subfield code="a">This research was partially supported by grant FIS PI22/01082, which was co-financed by the European Regional Development Fund (ERDF), awarded to M.A. Poca and by grant 2021SGR/00810 from the Agència de Gestió d’Ajuts Universitaris i de Recerca (AGAUR), Departament de Recerca i Universitats de la Generalitat de Catalunya, Spain. ASM is the recipient of a predoctoral fellowship from grant 2021SGR/00810 from the Agència de Gestió d’Ajuts Universitaris i de Recerca (AGAUR). The following nongovernmental associations have generously donated funding to support this research: 1. Asociación Nacional de Amigos de Arnold-Chiari (ANAC, http://www.arnoldchiari.es (accessed on 7 June 2023)); 2. Asociación Chiari y Siringomielia del Principado de Asturias (CHySPA, https://chyspa.org (accessed on 7 June 2023)); 3. Federación Española de Malformación de Chiari y Patologías Asociadas (FEMACPA); and 4. Mariana Dañobeitia (https://references. neurotrauma.com/chiari (accessed on 7 June 2023)).</subfield>
   </datafield>
   <datafield ind1="8" ind2=" " tag="024">
      <subfield code="a">http://hdl.handle.net/11351/10198</subfield>
   </datafield>
   <datafield tag="653" ind2=" " ind1=" ">
      <subfield code="a">Medul·la espinal - Malalties - Cirurgia</subfield>
   </datafield>
   <datafield tag="653" ind2=" " ind1=" ">
      <subfield code="a">Monitoratge intraoperatori</subfield>
   </datafield>
   <datafield tag="653" ind2=" " ind1=" ">
      <subfield code="a">DISEASES::Nervous System Diseases::Central Nervous System Diseases::Spinal Cord Diseases::Syringomyelia</subfield>
   </datafield>
   <datafield tag="653" ind2=" " ind1=" ">
      <subfield code="a">Other subheadings::Other subheadings::Other subheadings::/surgery</subfield>
   </datafield>
   <datafield tag="653" ind2=" " ind1=" ">
      <subfield code="a">ANALYTICAL, DIAGNOSTIC AND THERAPEUTIC TECHNIQUES, AND EQUIPMENT::Surgical Procedures, Operative::Monitoring, Intraoperative::Intraoperative Neurophysiological Monitoring</subfield>
   </datafield>
   <datafield tag="653" ind2=" " ind1=" ">
      <subfield code="a">ENFERMEDADES::enfermedades del sistema nervioso::enfermedades del sistema nervioso central::enfermedades de la médula espinal::siringomielia</subfield>
   </datafield>
   <datafield tag="653" ind2=" " ind1=" ">
      <subfield code="a">Otros calificadores::Otros calificadores::Otros calificadores::/cirugía</subfield>
   </datafield>
   <datafield tag="653" ind2=" " ind1=" ">
      <subfield code="a">TÉCNICAS Y EQUIPOS ANALÍTICOS, DIAGNÓSTICOS Y TERAPÉUTICOS::intervenciones quirúrgicas::monitorización intraoperatoria::monitorización neurofisiológica intraoperatoria</subfield>
   </datafield>
   <datafield ind2="0" ind1="0" tag="245">
      <subfield code="a">Intraoperative Neurophysiological Monitoring in Syringomyelia Surgery: A Multimodal Approach</subfield>
   </datafield>
</record></metadata></record></GetRecord></OAI-PMH>